La mora del deudor en las obligaciones civiles de hacer

Saved in:
Bibliographic Details
Main Author: Manrique de Lara Morales, Julio (autor)
Format: Book
Language:Spanish
Published: Madrid Centro de Estudios Registrales 2001
Subjects:
Tags: Add Tag
No Tags, Be the first to tag this record!

MARC

LEADER 00000nam a2200000 a 4500
001 UCM8383
003 CL-VaPUC
008 030314e20010000SP |||||||||||||||||spa|d
082 0 4 |a 346.077  |b MAN  |2 21 
100 |a Manrique de Lara Morales, Julio  |e autor  |9 474410 
245 1 3 |a La mora del deudor en las obligaciones civiles de hacer 
300 |a 568 p 
942 |c BK 
945 |d 20030314 00:00:00  |a rbrito 
260 |a Madrid  |b Centro de Estudios Registrales  |c 2001 
650 0 |a Deudor y acreedor  |9 256643 
650 0 |a Derecho privado  |9 258243 
650 7 |a OBLIGACIONES CIVILES  |2 CL-VaPUC  |9 386895 
650 7 |a MORA  |2 CL-VaPUC  |9 259692 
650 0 |a Derecho civil  |9 255013 
650 0 |a Derecho romano  |9 255930 
583 |a last modification  |c 20030314 00:00:00  |k Rodrigo Vera 
999 |c 302903  |d 302901 
952 |0 0  |1 0  |4 0  |6 346_077000000000000_MAN_2001  |7 0  |8 A  |9 363734  |a BIBDER  |b BIBDER  |d 2019-11-21  |i 3876594  |l 2  |m 2  |o 346.077 MAN 2001  |p 3876594  |q 2025-12-31  |r 2021-10-16  |s 2021-10-16  |w 2019-11-21  |y BK  |k DER